LIBRARY ONLINE CATALOGUE

Competition law / (Record no. 4607)

MARC details
000 -LEADER
fixed length control field 00848cam a22002532 4500
001 - CONTROL NUMBER
control field 0000025136
005 - DATE AND TIME OF LATEST TRANSACTION
control field 20151217145951.0
008 - FIXED-LENGTH DATA ELEMENTS--GENERAL INFORMATION
fixed length control field 150120s xx 000 0 eng d
020 ## - INTERNATIONAL STANDARD BOOK NUMBER
International Standard Book Number 9350266629 :
040 ## - CATALOGING SOURCE
Original cataloging agency KABU
Transcribing agency KABU
100 1# - MAIN ENTRY--PERSONAL NAME
Personal name Singh, Avtar.
-- 0000185401
245 10 - TITLE STATEMENT
Title Competition law /
Statement of responsibility, etc. Avtar Singh and Harpreet Kaur.
250 ## - EDITION STATEMENT
Edition statement 1st ed.
260 ## - PUBLICATION, DISTRIBUTION, ETC. (IMPRINT)
Place of publication, distribution, etc. Lucknow :
Name of publisher, distributor, etc. Eastern Book Company.,
Date of publication, distribution, etc. 2012.
300 ## - PHYSICAL DESCRIPTION
Extent xxxvi, 294 p.
650 #0 - SUBJECT ADDED ENTRY--TOPICAL TERM
Topical term or geographic name as entry element Restraint of trade
Geographic subdivision India.
-- 0000185556
650 #0 - SUBJECT ADDED ENTRY--TOPICAL TERM
Topical term or geographic name as entry element Antitrust law
Geographic subdivision India.
-- 0000185557
650 #0 - SUBJECT ADDED ENTRY--TOPICAL TERM
Topical term or geographic name as entry element Competition law
Geographic subdivision India.
-- 0000185558
852 1# - LOCATION
-- p2700 KES
852 1# - LOCATION
-- p2700 KES
852 1# - LOCATION
-- p2700 KES
908 ## - PUT COMMAND PARAMETER (RLIN)
Put command parameter 150120
950 ## - LOCAL HOLDINGS (RLIN)
-- 1
Holdings
Withdrawn status Lost status Source of classification or shelving scheme Not for loan Home library Current library Date acquired Total Checkouts Full call number Barcode Date last seen Date last checked out Price effective from Koha item type
    Library of Congress Classification   Kabarak, Main Campus Kabarak, Main Campus 17/12/2015 2 KNS977 .S56 2012 c. 1 016792 22/10/2024 19/10/2024 17/12/2015 General Collection
    Library of Congress Classification   Kabarak, Main Campus Kabarak, Main Campus 17/12/2015 2 KNS977 .S56 2012 c. 4 017685 23/10/2025 06/10/2025 17/12/2015 General Collection
    Library of Congress Classification   Kabarak, Main Campus Kabarak, Main Campus 17/12/2015   KNS977 .S56 2012 c. 5 017684 17/12/2015   17/12/2015 General Collection
    Library of Congress Classification   Kabarak, Main Campus Kabarak, Main Campus 17/12/2015   KNS977 .S56 2012 c. 2 017686 17/12/2015   17/12/2015 General Collection
    Library of Congress Classification   Kabarak, Main Campus Kabarak, Main Campus 17/12/2015 2 KNS977 .S56 2012 c. 3 017683 20/04/2026 17/03/2026 17/12/2015 General Collection